| 000 | 01265nam a22003017a 4500 | ||
|---|---|---|---|
| 005 | 20150214102103.0 | ||
| 008 | 140327b2000 ck ||||| |||| 00| 0 spa d | ||
| 041 | _aspa | ||
| 044 | _ack | ||
| 090 |
_aIAVH _b01594 |
||
| 100 | 1 |
_aAmaya, Juan David _91995 |
|
| 245 | 1 | 0 |
_aBiodiversidad y Sistemas de Producción en la Zona Cafetera del Departamento del Quindio : _bInforme de Resultados _cJuan David Amaya ...[et al] |
| 260 |
_aBogotá _bInstituto de Investigacion de Recursos Biológicos Alexander von Humboldt _c2000 |
||
| 300 |
_a144 p. _bil., tablas _c28 cm. |
||
| 500 | _aInforme Técnico | ||
| 500 | _aIncluye matriz de datos en pdf sobre biodiversidad y sistemas producción agraria | ||
| 504 | _aIncluye referencias bibliográficas (pag 142 - 144) | ||
| 650 | 4 |
_aBiodiversidad _zQuindio (Departamentom Colombia) _923140 |
|
| 650 | 4 |
_aSistemas de Producción _zQuindio (Departamentom Colombia) _923141 |
|
| 651 |
_aQuindio (Departamento, Colombia) _zZona Cafetera (Colombia) _923142 |
||
| 700 | 1 |
_aFlorez, Camilo _923139 |
|
| 700 | 1 |
_aNuma, Catherine _94431 |
|
| 700 | 1 |
_aRios, Clara _94432 |
|
| 700 | 1 |
_aRomero, Luz Piedad _94501 |
|
| 700 | 1 |
_aVillarreal, Hector _94790 |
|
| 700 | 1 |
_92155 _aBaptiste-Ballera, Luis Guillermo _ecoord. |
|
| 942 |
_2z _cCD-ROM |
||
| 999 |
_c8321 _d8321 |
||